| 000 | 01031nam2a2200289 4500 | ||
|---|---|---|---|
| 001 | RU\NLR\bibl\1385233 | ||
| 005 | 20250615194704.0 | ||
| 010 | _a978-5-9551-0305-1 | ||
| 021 |
_aRU _b2009-33266 _92004 |
||
| 035 | _a(NLR Aleph) 001377301 | ||
| 090 |
_a1079714 _c1079714 |
||
| 100 | _a20090423d2009 |||y0rusy50 ca | ||
| 101 | 0 | _arus | |
| 102 | _aRU | ||
| 105 | _ay ||||||||| | ||
| 200 | 0 | _aТ. 1 | |
| 210 |
_d2009 _aБ. м. |
||
| 215 | _a881 с. | ||
| 320 | _aБиблиогр.: с. 835-871 | ||
| 461 | 0 |
_1001RU\NLR\bibl\1504082 _12001#$aСборник Курбского$vТ. 1 _91783962 _aЕрусалимский, К. Ю. _cМосква _d2009 _fК.Ю. Ерусалимский _nЗнак _oисследование книжной культуры _tСборник Курбского _vТ. 1 |
|
| 606 | 1 |
_aРукописные книги _yРоссия _91796415 _3RU\NLR\auth\66808961 |
|
| 686 | _aЧ611.53(2) | ||
| 801 | 0 |
_aRU _bNLR _c20090423 _gRCR |
|
| 801 | 1 |
_aRU _bNLR _c20090423 |
|
| 942 | _cBOOK | ||
| 980 | _aNB | ||